[Event "Interpolis-02"]
[Site "Tilburg"]
[Date "1978.09.12"]
[Round "9"]
[White "Huebner, Robert"]
[Black "Spassky, Boris Vasilievich"]
[Result "1-0"]
[WhiteElo "2595"]
[BlackElo "2630"]
[Annotator "Huebner,R"]
[PlyCount "109"]
[EventDate "1978.09.01"]
[EventType "tourn"]
[EventRounds "11"]
[EventCountry "NED"]
[EventCategory "14"]
[SourceTitle "MCL"]
[Source "ChessBase"]
[SourceDate "1999.07.01"]
[SourceVersion "1"]
[SourceVersionDate "1999.07.01"]
[SourceQuality "1"]

1. Nf3 d5 2. c4 e6 3. g3 Nf6 4. Bg2 Be7 5. O-O O-O 6. d4 c6 7. Nc3 Nbd7 8. b3
b6 9. Ne5 $2 (9. Bb2 Ba6 (9... Bb7 10. Ne5 $14) 10. Nd2 {/\ e4}) 9... Nxe5 10.
dxe5 Nd7 11. Bb2 (11. f4 Bc5+ $6 (11... Ba6 12. Be3 Rc8 13. cxd5 cxd5 14. Rc1
Bc5 15. Bxc5 (15. Qd2 d4 16. Bxd4 Nxe5 17. Rfd1 Ng4 18. e3 (18. Bxc5 Qxd2 19.
Rxd2 Rxc5 20. Rd7 Rfc8 21. Rxa7 Rxc3 22. Rxc3 Rxc3 23. Ra8+ Rc8 24. Rxa6 Rc1+
25. Bf1 h5 {/\ Ne3 -+}) 18... Bxd4 19. exd4 Qe7 $15) (15. Bd4 Rc7 (15... f6 16.
exf6 (16. Bh3 Re8 17. Bxc5 Rxc5 (17... bxc5 $2 18. Nxd5) 18. exf6 (18. b4 Rc4
19. Nxd5 $2 Rxc1 20. Qxc1 exd5) 18... Qxf6 19. Qd2 Rec8 20. Na4 Rxc1 21. Rxc1
Rxc1+ 22. Qxc1 $10 {;} Bxe2 $2 23. Qe3 Qa1+ 24. Kf2) 16... Qxf6 $15) 16. Bf3
Qb8 17. Na4 Bxd4+ 18. Qxd4 Rfc8 19. Qd2 $10) 15... bxc5 $15) (11... f6 $2 12.
cxd5 cxd5 13. Nxd5) 12. Kh1 Ba6 13. Na4 Be7 14. Be3) 11... Ba6 (11... Nxe5 $2
12. cxd5 cxd5 13. Nxd5 $1 exd5 14. Bxe5 $16) 12. cxd5 cxd5 13. Rc1 (13. Qd4 Bc5
(13... b5 14. a3 Nc5 15. Qd1 Rc8 16. Na2 {/\ Nc1-b4/c1-d3}) (13... Qb8 14. Rfd1
Bc5 15. Qf4 Qxe5 16. Qxe5 Nxe5 17. Nxd5 exd5 18. Bxe5 Rae8 (18... Rfe8 19. Rxd5
Bb7 20. Rxc5) 19. Bd4 Bxd4 (19... Bxe2 20. Bxc5) 20. Rxd4 Bxe2 $10) 14. Qa4 Bb7
15. Rad1 Nxe5 $2 (15... Qc7 16. e4 Bc6 17. Nb5 Qb7 18. exd5 exd5 19. Qg4 Bxb5 (
19... h5 20. Qg5 Bxb5 21. Bxd5 {/\ e5-e6}) 20. Bxd5 Qc7 (20... Bc6 $2 21. e6)
21. Bxa8 Rxa8 22. e6 Ne5 23. Qe4 Nc6 24. Rd7 $18) (15... a6 16. Nb1 {/\
Nb1-d2-f3}) 16. Nxd5 exd5 17. Bxe5 Re8 (17... Qe7 18. Bxd5) 18. Ba1 Rxe2 $2 19.
Qg4) 13... Rc8 (13... b5 14. Nb1 Qb8 (14... Qa5 15. Nd2 Qxa2 $2 16. Bd4 Qa5 17.
Ra1 Qb4 18. Bb2 $18) 15. f4 $14) (13... Qb8 14. f4 Rc8 15. Qd2) (13... Bb4 14.
a3 Bc5 15. b4 Be7 16. b5 Bb7 17. e4 Nxe5 (17... d4 18. Ne2 Nxe5 19. Nxd4) 18.
Nxd5 exd5 19. Bxe5 dxe4 (19... Bxa3 20. Rc7 $16) 20. Rc7 {e.g.} Rb8 (20... Bd5
21. Rxe7 Qxe7 22. Qxd5 Rad8 23. Qxe4 Rfe8 24. Re1) 21. Rd7) 14. Qd4 (14. Re1 $5
{(/\ e2-e4)} Nc5 15. Qd4) 14... b5 $6 (14... Bc5 $5 15. Qa4 Bb7 16. Qxa7 $2 (
16. b4 Bd4 17. Rfd1 (17. Qxa7 Bc6 18. Qa3 Nxe5 {/\ ...Na4-/+})) (16. Qf4 g5 17.
Qd2 Nxe5 18. Nxd5 Bxd5 19. Bxe5 (19. Bxd5 Ng6 $19) 19... Bxg2 20. Qxd8 Rfxd8
21. Kxg2 Rd2 $17) (16. e4 Nxe5 {(/\ Nd3)} 17. Rcd1 (17. Rfd1 $2 Ng4) 17... Bc6
18. Qa6 d4 19. Ne2 Qe8 20. a4 f5 21. Bxd4 (21. exf5 Bxg2 22. Kxg2 Qc6+ 23. f3
Rxf5 $19) 21... Bxd4 22. Rxd4 fxe4 23. Qxa7 (23. Bxe4 Nf3+ 24. Bxf3 Bxf3 $19)
23... e3 24. Qxb6 Nf3+ 25. Bxf3 Bxf3 $19) (16. Nb1 $1 {/\ Nd2-f3}) 16... Bc6 {
/\ 17...Ra8 -+}) (14... Nc5 15. Rfd1) (14... Bb7 $5) 15. Qxa7 Ra8 $6 (15... Nc5
$142 $1 {(/\ 16...Ra8)} 16. Nxd5 exd5 17. Rxc5 Bxc5 (17... Ra8 $2 18. Qc7 Bxc5
19. Qxc5 $16) (17... Rxc5 18. Qxa6 Rc2 (18... Qd7 $5) 19. Bd4) 18. Qxa6 Qb6 (
18... Qd7 19. a4 $13) 19. Qxb6 Bxb6 20. Bxd5 $10 {e.g.} Rc2 (20... Rfd8 21. e4)
21. Ba3 Rd8 22. e4 (22. Bd6 Rxe2 23. a4 bxa4 24. bxa4 Rc8 $17 {Xf2}) 22... Rxa2
23. Bd6 $13 Rc8 $2 24. e6 $18) 16. Qe3 Qb8 (16... b4 17. Na4 (17. Nb1 Bb5 $17)
(17. Nd1 Bb5 18. Ra1 Bc5 19. Qd2 Qb8 $17) (17. Nxd5 exd5 18. Bxd5 Rc8 (18...
Nb6 19. Bxa8 Nxa8 20. e6 {(/\ 21.Rfd1, 22.Rd7)} Qb6 (20... Qa5 21. Qa7) 21.
Qxb6 Nxb6 22. Rc6 Rb8 23. Bd4 Bd8 24. e7 $18) (18... Qa5 19. Bxa8 Rxa8 20. e6
Nf6 (20... Nf8 $2 21. Qf3 $18) 21. Rfd1 {(/\ 22.exf7+ Kxf7 23.Bxf6, 24.Rd7)}) (
18... Qb6 19. Bd4 Qb5 20. Bxa8 Rxa8 21. e6 Nf6 22. Rc7 Bd6 (22... Re8 23. exf7+
Kxf7 24. Bc5 Qxe2 (24... Nd5 $2 25. Qf3+ Ke6 26. Qe4+) 25. Qxe2 Bxe2 26. Re1
Nd5 27. Rxe7+ $18) 23. exf7+ Kf8 (23... Kh8 24. Bxf6 gxf6 (24... Bxc7 25. Qh6
$18) 25. Qh6 Qf5 26. Ra7 $18) 24. Bxf6 Bxc7 (24... gxf6 25. Qh6#) 25. Qe7#) 19.
e6 Nf6 (19... fxe6 $2 20. Qxe6+ Kh8 21. Qxa6) 20. exf7+ Rxf7 (20... Kh8 21. Be6
Rxc1 22. Rxc1 $16) 21. Bxf6 Qxd5 (21... Bxf6 22. Bxf7+ Kxf7 23. Qa7+ $18) (
21... gxf6 22. Qe6 Qf8 23. Qxa6 $18) 22. Rxc8+ Bxc8 23. Bxe7 Bb7 24. f3 $18)
17... Bb5 $17) (16... Bc5 17. Qd2 b4 18. Na4 Be7 19. Rfd1 Bb5 20. e4 $16) (
16... Qa5 17. Nxd5 exd5 18. Bxd5 Qxa2 (18... Rad8 19. e6 Nf6 20. exf7+ Kh8 21.
Qxe7 Nxd5 22. Qa7 $18 {e.g.} Ra8 23. Qd4 Nf6 24. Qxf6) (18... Nb6 19. Bxa8 Rxa8
20. e6 f6 21. Rfd1) 19. Bxa8 Qxb2 (19... Rxa8 20. e6 Nf6 (20... Qxb2 21. exd7
Qf6 22. Rfd1 h6 (22... Rd8 23. Rc6 Qxc6 24. Qxe7 Qa8 25. Ra1 Rf8 26. Rxa6 Qxa6
27. Qxf8+ Kxf8 28. d8=Q#) (22... Bf8 23. Ra1 {/\ Rxa6 (23...Rd8 24.Qa7+-)}) 23.
Rc6 Qxc6 24. Qxe7 Bb7 25. d8=Q+ Rxd8 26. Rxd8+ Kh7 27. f3 $18) 21. exf7+ Kxf7
22. Rc7 Re8 23. Bxf6 gxf6 24. Ra7 $18) 20. Qa7 Bc8 21. Bc6 Rd8 22. Rcd1 $18) (
16... Bb7 17. a4 bxa4 18. Nxa4) 17. Rfd1 (17. Nxd5 $5 exd5 18. Bxd5 Bb7 19.
Bxf7+ Kh8 (19... Rxf7 20. e6 Rxf2 21. Rxf2 Nf6 $132 {e.g.} 22. Be5 (22. Bxf6
gxf6 (22... Bxf6 23. e7 Qe8 (23... Bd5 24. Rd1) 24. Qe6+ Kh8 25. Rxf6 gxf6 26.
Qxf6+ Kg8 27. Rc5) 23. Rf4 Kh8 24. Rg4 Qf8 25. Rc7 Rxa2) 22... Ng4) 20. e6 (20.
Be6 Rxa2 21. Rc2 (21. Bd4 Rd8 22. Bxd7 Rxd7 23. e6 Rd5 $13) 21... Rxb2 22. Rxb2
Nxe5 $13) 20... Nf6) 17... Ra7 $2 (17... b4 18. Nxd5 exd5 19. Bxd5 Bb7 (19...
Ra7 20. e6 Nf6 21. exf7+ Kh8 (21... Rxf7 22. Bxf7+ Kxf7 23. Rc6 {e.g.} Bc8 24.
Rxc8) 22. Be5 Nxd5 23. Qd4 Bf6 24. Bxb8 Bxd4 25. Bxa7 Bxa7 26. Rxd5 $18) (19...
Nb6 20. Bxa8 Nxa8 21. Rd7 Re8 22. e6 Nb6 (22... f6 23. Bd4 $18) 23. exf7+ Kxf7
24. Qf3+ Kg8 25. Qg4 g6 26. Qd4 $18) 20. Bxf7+ Rxf7 21. e6 Rxf2 (21... Nf6 22.
exf7+ Kxf7 23. Be5 Qa7 24. Qxa7 Rxa7 25. Rc7 $18) 22. Qxf2 Nf6 23. Rd7 $18) 18.
Nb1 b4 19. Bd4 Ra8 20. Rc2 Bb5 21. f4 $2 $14 (21. Nd2 Ra3 22. Nf3 Qa8 23. Rdd2
{(/\ Nf3-e3-d3) e.g.} Nb8 (23... Rc8 24. Rxc8+ Qxc8 25. Rb2 Nb8 26. Qd2 Nc6 27.
Rc2 Qa6 28. e3 {/\ Nf3-e1, Bg1-f3-e2+/-}) 24. Bc5 $1) 21... Ra6 22. Qc1 {
(/\ 23.e4)} (22. f5 $2 Rc8 23. Rdc1 Rxc2 24. Rxc2 Qa8 25. f6 Bf8 $17) 22... Qa8
(22... Qb7 23. Rdd2 (23. Rc7 Qa8 $17 {XPa2}) 23... Rfa8 (23... Bd8 24. a4) (
23... Qa8 24. Qe1 {/\ 25.e4}) 24. Rc7 Qb8 25. Rdc2) 23. Qb2 Nb8 24. Bf2 (24.
Bf1 Nc6 25. e3 Nxd4 26. exd4 Bxf1 {(/\ 27...f6<=>)}) 24... Nc6 25. Bf1 {
(/\ Nd2-f3)} (25. Nd2 $2 Bxe2) (25. e4 $2 d4 {e.g.} 26. Bxd4 $2 (26. Bf1 Bxf1
27. Kxf1 Rd8) 26... Rd8 27. Kh1 Nxd4 28. Rxd4 Rxd4 29. Qxd4 Rxa2) 25... Qb7 (
25... f6 26. Nd2 fxe5 27. fxe5 Qb8 28. Nf3 Rf5 $2 29. Bh3) 26. Nd2 Rfa8 27. Nf3
(27. Qb1 Bd8 28. Nf3 Bb6 29. Nd4 (29. e3 $2 Na7 {/\ Nb5-a3/c3}) 29... Nxd4 30.
Bxd4 Bxd4+ 31. Rxd4 Qb6 (31... Qa7 32. e3 Bxf1 33. Kxf1 Rxa2 34. Rxa2 Qxa2 35.
Qxa2 Rxa2 36. Rxb4 h5 $10) 32. e3 Bxf1 33. Kxf1 g6) 27... g6 $2 (27... Rxa2 28.
Qxa2 Rxa2 29. Rxa2 g6 (29... Bd8 30. e4 (30. Rda1 g6 31. Nd4 Nxd4 32. Bxd4 Bb6)
) 30. Ne1 (30. Nd4 Bc5 $132) 30... Bd8 31. Nd3 Bb6 (31... Bxd3 32. Rxd3 (32.
exd3 Na5 33. Rb2 Qc8 34. Be1) 32... Bb6 33. e3 Na5 34. Rc2 Qa7 {/\ Na5-b7-c5=})
32. Nc5 Qe7 33. Rc1 (33. Ra8+ Kg7 34. Nxe6+ $2 fxe6 35. Bxb6 Qb7 $19) 33... Na5
34. Bg2 {(/\ 35.e4)} Nb7 35. Nd3 Bxf2+ 36. Nxf2 Qd8 37. Ng4 h5 (37... Qb6+ 38.
Kh1 h5 39. Rc8+ Kg7 40. Raa8 $18) 38. Nf6+ Kg7 39. Bf3 Na5 40. Rb2 $16 {e.g.}
Qb6+ 41. Kg2 Qe3 42. Rc8 Nxb3 43. Rg8+ Kh6 44. g4 Qxf4 45. h4 hxg4 46. Nxg4+
Kh7 47. Nf6+ Kh6 48. Rxb3 $18) 28. Ne1 (28. Nd4 Nxd4 29. Bxd4 Bd8 {/\ 31...Bb6
+/=/=}) 28... Bd8 29. Nd3 Bxd3 $2 (29... Bb6 30. Nc5 Qa7 31. Nxa6 (31. Rdd2 Ra5
32. Qc1 Rc8 33. e4 (33. Nd3 Rd8 34. Rxc6 $2 Bxf2+ 35. Nxf2 Bxc6 36. Qxc6 Rc5
$19) 33... Bxf1 34. Kxf1 Nxe5 (34... Bxc5 $2 35. Bxc5 Qa6+ 36. Kg2 dxe4 37.
Bxb4 $18) 35. fxe5 Bxc5 36. exd5 exd5 37. Rxd5 Qa6+ 38. Rc4 Bxf2 39. Rxa5 Rxc4
40. Rxa6 Rxc1+ 41. Kxf2 Rc2+ $10) (31. e4 Bxf1 32. Nxa6 Bxf2+ 33. Kxf1 Bd4 $19)
31... Bxf2+ 32. Kg2 Nd4 (32... Be3 $19 {e.g.} 33. Nc5 Bxc5 34. Rdc1 (34. Qc1
Be3) 34... Bd4) 33. Nxb4 (33. Rc7 Qb6 34. Kxf2 Nf5+ (34... Nc2+ $2 35. Nc5 Na3
36. Rb7 Qxc5+ 37. Qd4 Qc6 38. Ra7 $18) (34... Bxa6 $2 35. Qxd4 Qxc7 36. Qxb4
$18) (34... Nxe2+ 35. Kf3 Bxa6 36. Rc2 Nc3 37. Ra1 Bxf1 38. Rxf1 Rxa2 $10) 35.
Ke1 Bxa6 36. Rcc1 Qg1 $19) 33... Nf5 $17 {e.g.} 34. Rc3 (34. Qc1 Bg1) 34... Bd4
) 30. exd3 Bb6 (30... Na7 {(/\ Na7-b5-c3)} 31. Bc5 {(/\ 32.d4)} (31. d4 Ra5 32.
Qc1 Rc8 33. Qd2 Nc6 $2 34. a4) 31... Be7 32. d4 Ra5 33. Bxe7 Qxe7 34. Rdc1 Nb5
35. Rc8+ Rxc8 36. Rxc8+ Kg7 37. Rb8 (37. Rc5 Qb7 38. Qf2 $2 Nxd4 39. Qxd4 Qa7)
37... Nc3 38. a4 $18) 31. d4 $16 Ra5 32. Qc1 Ne7 (32... Rxa2 33. Rxc6 Ra1 34.
Qxa1 Rxa1 35. Rxb6 Qxb6 36. Rxa1 Qc6 37. Rd1 {/\ 38.Rd3 +-}) (32... Na7 33. Be1
Bd8 34. a4 $18) (32... Rc8 33. Qd2 {/\ 34.Rdc1+/-}) 33. Qd2 Bd8 34. Rdc1 $2 (
34. Be1 $142 {e.g.} Nc6 35. Kh1 (35. Rdc1 $2 Nxd4) 35... Bb6 (35... Qb6 36.
Rdc1 {/\} Nxd4 37. Bf2) 36. Bf2 Bd8 37. Rdc1 Ne7 38. g4 {/\ Bf2-h4-f6} (38. Be1
Qa7 39. Ra1 (39. Qxb4 Rxa2) 39... Bb6 40. Bf2 Nf5)) (34. g4 $5) 34... Qa7 (
34... R8a7 35. g4 Qa8 36. Qxb4 Rxa2 37. Bb5 {(/\ 38.Ba4)} Rxc2 38. Rxc2 Ra1+
39. Kg2 Rb1 40. Qa4 (40. Ba4 Qa6) 40... Qb8 41. Qa2 Rd1 42. Be2) 35. Ra1 (35.
Qxb4 Rxa2 36. Rxa2 (36. Qd2 Ra3 37. b4 Bb6 38. g4 Ra4)) 35... Qb7 $2 (35... Ra3
$142 36. Qxb4 (36. Rb2 Bb6 37. Bb5 (37. Qxb4 Nc6) 37... Nf5 38. Ba4 Nxd4 (38...
Bxd4 39. Qxb4) 39. Qxb4 Bc5 40. Qc3 Ne2+ 41. Rxe2 Bxf2+ 42. Rxf2 Qxa4) 36...
Rb8 37. Qc3 Rbxb3 38. axb3 Rxa1 $132) 36. Kg2 (36. Kh1 R8a7 37. Be1 Nc6 (37...
Qa8 38. Qxb4 Rxa2 39. Rcxa2 Rxa2 40. Rxa2 Qxa2 41. Qd6 $18) 38. Rac1 Ne7 39.
Qxb4 Qxb4 40. Bxb4 Rxa2 41. Bc5 Rxc2 42. Rxc2 Ra1 43. Kg2 $18) 36... R8a7 37.
Be1 $2 (37. g4 $5) 37... Nc6 (37... Qa8 38. Qxb4 Rxa2 39. Rcxa2 Rxa2+ 40. Rxa2
Qxa2+ 41. Kg1 $18) 38. Rac1 Ne7 39. Qxb4 $2 (39. Bf2 Qa8 40. Qxb4 Rxa2 41. Bb5
$18 {e.g.} Rxc2 42. Rxc2 Rb7 43. Qa4 Qb8 44. Ba6 Rxb3 45. Qe8+ Kg7 46. g4 {
/\ 47.Bh4}) 39... Rxa2 40. Qxb7 Rxc2+ 41. Rxc2 Rxb7 42. b4 Bb6 43. Bf2 $2 (43.
Ba6 $142 Ra7 44. b5 {e.g.} Bxd4 45. Bb4 Bb6 (45... Kg7 46. Kf3 h5 (46... Nf5
47. g4) 47. Bd6 Nf5 48. Rc7 Ra8 $36) 46. Bxe7 Rxe7 47. Rc6 Bd4 48. b6 Re8 49.
b7 Ba7 50. Rc8 Rf8 (50... Kf8 $2 51. Bb5) 51. Kf3) 43... Ra7 (43... Nf5 44. g4
$1 Nxd4 45. Rc8+ Kg7 46. Bh4 $1 {/\ Bf6,Rg8+-}) 44. g4 Kg7 (44... Ra4 45. Bh4
Kf8 46. Bb5 Rxb4 $2 (46... Ra8 $142) 47. Ra2 Rxb5 48. Ra8+ Kg7 49. Bxe7 $18) (
44... Kf8 $5) 45. Bb5 f5 $2 (45... Ra3 46. Bc6 $5 (46. Bd7 $5) (46. Bh4 $5 Ng8
(46... Kf8 $5) 47. Be8 Ra8 $1 (47... Bxd4 $2 48. Rc7 Ra7 49. Rxa7 Bxa7 50. Bd8
$1) 48. Bc6 $5 (48. Bd7 Ra7 49. Bc8 {/\} Bxd4 $5 50. Bd8 $1))) 46. exf6+ Kxf6
47. Be8 {(/\ 48.Re2, 49.Bh4+)} Kg7 (47... Ra8 48. Bh4+ $1 Kg7 49. Bd7 Kf7 50.
Re2 $18) (47... g5 48. fxg5+ Kxg5 49. Re2 Kxg4 50. Rxe6 Rb7 51. Re5 {e.g.} Nf5
52. Rxd5 Nh4+ 53. Kf1 $18) 48. Re2 Bc7 (48... Kf8 49. Rxe6) 49. Rxe6 Bxf4 (
49... Kf8 50. Bc6 (50. Bd7 Bxf4 51. Rf6+ Kg7 52. Rxf4 Rxd7) (50. Bb5 Rb7) (50.
f5 gxf5 51. gxf5 Nxf5 (51... Kxe8 52. f6 Bd8 53. Bh4 $18) 52. Bh5 (52. Rf6+
Kxe8 53. Rxf5 Ra2 $13 {(/\ 54...Rb2)} 54. Rxd5 Bxh2)) 50... Bxf4 51. b5 Kf7 52.
Re2 Ra3 53. Bd7 Rb3) 50. b5 Ng8 (50... Kf8 51. Ra6 Rxa6 52. bxa6 Kxe8 $2 53. a7
$18) 51. Ra6 Re7 $2 (51... Rc7 52. Bc6 (52. b6 Rc2 53. Ra5 (53. b7 Rb2 54. Bc6
Ne7) 53... Be3 54. b7 Rxf2+ 55. Kg3 Rb2 56. Rb5 Rxb5 57. Bxb5 g5 58. b8=Q Bf4+
59. Qxf4 gxf4+ 60. Kxf4) 52... Ne7 53. Bg3 Bxg3 54. Kxg3 g5 55. Kf3 Kf7 56. Ke3
Nxc6 57. Rxc6 Rxc6 58. bxc6 Ke6 59. Kd3 Kd6 60. Kc3 Kxc6 61. Kb4 Kb6 $10) 52.
Bc6 Nf6 53. b6 Ne4 (53... Nxg4 54. Bg3 $18) 54. Be1 $1 Bb8 (54... Nc5 55. Ra7
$18) 55. Ra8 1-0

[Event "Sarajevo Bosnia 28th"]
[Site "Sarajevo"]
[Date "1998.06.02"]
[Round "5"]
[White "Kortschnoj, Viktor Lvovich"]
[Black "Lputian, Smbat G"]
[Result "1-0"]
[WhiteElo "2625"]
[BlackElo "2610"]
[Annotator "Kortschnoj,V"]
[PlyCount "125"]
[EventDate "1998.05.29"]
[EventType "tourn"]
[EventRounds "9"]
[EventCountry "BIH"]
[EventCategory "15"]
[SourceTitle "CBM 066"]
[Source "ChessBase"]
[SourceDate "1998.09.30"]
[SourceVersion "1"]
[SourceVersionDate "1998.09.30"]
[SourceQuality "1"]

1. d4 {Hecht Ribli} d5 2. c4 e6 3. Nf3 Nf6 4. g3 c6 {Ribli: Eine seltene
Fortsetzung, die zur geschlossenen Variante führt.} 5. Bg2 Nbd7 6. O-O Be7 {
Ribli: Heutzutage ist die Variante 6...Bd6 populär. Schwarz spielt später 7...
0-0 / 8...Qe7 mit fester Stellung.} (6... dxc4 7. Qc2 b5 8. b3 $44) 7. b3 b6 {
Ribli: Es ist für mich etwas ungewöhnlich, daß Schwarz noch nicht rochiert,
sondern zuerst den Damenflügel entwickelt.} (7... b5 8. c5 $14) 8. Nc3 (8. Qc2
{Ribli}) 8... Ba6 {Ribli: Es ist ein normales Prinzip dieser Variante, daß
Schwarz im Falle von Nbd2 den Läufer nach b7 und in unserem Fall (Nc3) nach a6
stellt.} 9. Bb2 O-O (9... dxc4 $6 10. bxc4 Bxc4 $2 11. Nd2 $16 (11. Nd2 {Ribli}
Ba6 (11... Bd5 12. e4 $18 {[%csl Rd5]}) 12. Bxc6 Rc8 13. Qa4 $18 {[%csl Ra6]}))
10. Nd2 {Ribli: Die Stellung ist für Kortschnoj ist nicht neu, in einer
früherer Partie spielte er 10.a4.} (10. a4 {Ribli} dxc4 $5 11. bxc4 Bxc4 12.
Nd2 Ba6 13. Bxc6 Rc8 14. Bg2 Nb8 $5 15. Nb5 Qd7 16. Qb1 $5 Bxb5 $5 17. axb5
Qxb5 18. Rxa7 Qxe2 19. Bc1 $1 Nc6 20. Bxc6 Rxc6 21. Rxe7 Rfc8 $1 $44 {1-0
Kortchnoi,V-Nogueiras,J/Moscow (ol) 1994 (32)}) 10... b5 {Ribli: Meines
Erachtens ist dieser Zug nicht gut. Schwarz spielt zu aggressiv am Damenflügel,
während sein Läufer auf a6 schlecht steht.} (10... Rc8 {Ribli} 11. e4 dxe4 (
11... dxc4 12. Nxc4 b5 13. Ne3 c5 14. d5 b4 15. Ne2 Nb6 16. Re1 exd5 17. exd5
c4 18. bxc4 Bxc4 19. Nd4 Qd7 20. Nc6 {1-0 Zaitshik,G-Ubilava,E/USSR 1979 (40)})
(11... c5 12. exd5 cxd4 13. dxe6 fxe6 14. Nce4 Nc5 15. Nxc5 bxc5 16. Qe2 Qb6
17. Rae1 {1-0 Wendt,J-Voigt,M/Hamburg-chI 1998 (35)}) 12. Ncxe4 c5 13. dxc5
Nxc5 14. Nxf6+ Bxf6 15. Bxf6 Qxf6 16. b4 Rcd8 17. bxc5 Bxc4 18. Re1 bxc5 19.
Qc2 {1-0 Sosonko,G-Schrama,P/NLD-chT 1995}) (10... Qc7 {Ribli}) 11. cxb5 (11.
c5 b4 $13 (11... e5 {Ribli} 12. dxe5 Ng4 13. b4 Ngxe5 14. Qc2 f5 15. Rad1 Bb7
16. Nb3 Nc4 17. Nd4 Qc8 18. Bc1 Nde5 19. Bh3 g6 20. e4 dxe4 21. Nxe4 a5 22. a3
Rd8 23. Qe2 Re8 24. Nc3 Bf6 25. Qc2 Qc7 26. Bg2 Rad8 27. Nde2 {1/2-1/2 Hartoch,
R-Stehouwer,C/NLD-ch 1981})) (11. e4 {Ribli} bxc4 12. bxc4 Rb8 13. Rb1 Nb6 14.
e5 Ne8 15. c5 Nc4 16. Nxc4 Bxc4 17. Re1 Qa5 18. Qc2 Nc7 19. Ra1 Rb7 20. Re3
Rfb8 {1/2-1/2 Danielsen,H-Dizdar,G/Manila olm 1992}) 11... cxb5 (11... Bxb5 $5)
12. a3 $14 {Ribli: Weiß verhindert schwarzen Raumgewinn am Damenflügel, denn
jetzt scheitert 12...b4 an 13.axb4 (der Läufer auf a6 hängt) und bereitet
seinerseits b3-b4 vor.} Rc8 13. b4 $1 $14 (13. Na2 {Ribli} Bb7 14. Nf3 Qb6 15.
Ne1 a5 16. b4 Ne4 17. Nd3 Nd6 18. Nc5 Bc6 19. Bc3 a4 20. Nc1 Nc4 21. N1d3 Nf6
22. Qc2 Rfd8 23. Nb2 Ne8 24. Nxc4 dxc4 25. e4 {1-0 Tatai,S-Hemmassi,N/Siegen
olm 1970 (41)}) 13... Nb6 14. Nb3 Nc4 15. Bc1 (15. Qb1 {Ribli} Rc7 16. Rd1 Rd7
17. Bc1 Qc8 18. Qd3 h6 19. Ra2 Rfd8 20. h4 Qc6 21. Re1 Bb7 22. Rc2 a6 23. Nb1
Qb6 24. N1d2 a5 25. Nc5 Bxc5 26. bxc5 Qc7 27. Nf3 Bc6 28. Bf4 Qb7 29. Ne5 {
Mertens,N-Atlas,D/Liechtenstein op 1993/1-0 (65)}) 15... Nd7 (15... Nxa3 $4 {
Ribli} 16. Rxa3 Rxc3 17. Rxa6 $18) 16. Ra2 (16. Nc5 Nxc5 17. bxc5 $14 (17. dxc5
Bf6 $13)) 16... Bb7 $5 {Ribli: Die Kompensation, die Schwarz für dieses
Bauernopfer erlangt, scheint mir zu wenig zu sein.} (16... f5 17. Rc2 Bf6 18.
e3 Z0 19. Nc5 Nxc5 20. dxc5 $16) (16... Ndb6 {Ribli} 17. Nc5 {[%csl Ra6]} Bxc5
18. dxc5 Nd7 19. a4 $16 {[%csl Ra6]}) 17. Nxb5 a6 18. Nc3 Nxa3 19. Nxd5 {
Ribli: Ein wichtiger Zwischenzug, der einen Bauern gewinnt.} (19. Bxa3 {Ribli}
Rxc3 20. Nc5) 19... Bxd5 20. Bxa3 Nb6 $44 (20... Qb6 {Ribli} 21. Bxd5 (21. Nc5
Bxa2 22. Nxd7 {[%cal Rd7b6,Rd7f8]}) 21... exd5 22. Nc5) 21. Bxd5 Qxd5 (21...
Nxd5 22. Qd2 $14) (21... exd5 {Ribli} 22. Nc5 $16 {[%csl Ra6]}) 22. Qd3 {
Ribli: Weiß hat einen Bauern mehr, aber Schwarz hat eine aktive Stellung und
die weißen Felder in der weißen Stellung sind schwach.} Nc4 (22... Qc4 23. Qxc4
Rxc4 24. e3 $14) 23. Bc1 Bxb4 (23... Qb5 $5 24. Nc5 Rfd8 $44) 24. Rxa6 {
Ribli: Der weiße Materialvorteil ist nicht leicht zu verwerten, denn es gibt
keinen Freibauern.} Rfd8 25. Ra4 $1 Be7 (25... Qb5 $6 26. Nc5 $1 Rb8 (26...
Rxc5 $2 27. dxc5 $18) (26... Bxc5 27. Rxc4 $16) 27. Rxb4 Qxb4 28. Na6 $16) (
25... Qb7 26. Bg5 Nb2 27. Qa6 $16) 26. Nd2 $1 {Ribli: Weiß muß die stärkste
schwarze Figur, den Nc4, tauschen.} Nxd2 (26... Qxd4 $4 {Ribli} 27. Rxc4 Rxc4
28. Nxc4 $18 (28. Qxc4 $18)) 27. Bxd2 Qc6 {Ribli: Schwarz entfaltet noch
aktives Figurenspiel, aber so langsam kann sich Weiß daran machen, seinen
Materialvorteil zu verwerten.} 28. Rfa1 Qc2 29. Qxc2 Rxc2 30. Ba5 Rb8 31. e3
$14 {Ribli: Die 5:4-Mehrheit am Königsflügel bietet dem Weißen gute
Gewinnchancen, aber zunächst muß er sich gegen die gefährlichen schwarzen
Türme auf der 2. Reihe verteidigen.} g5 (31... h5 $5) (31... Rbb2 {Ribli} 32.
Be1 g5 {Das ist nur Zugumstellung.}) 32. Be1 Rbb2 33. g4 {Ribli: Es ist gegen
den schwarzfeldrigen Läufer notwendig, die Bauern auf "weiß" zu stellen.} Kg7
34. Kg2 Kg6 35. h3 Bf8 (35... h5 $2 36. gxh5+ Kxh5 37. Ra7 Bb4 38. Rxf7 $18)
36. Ra8 Bb4 $2 $138 (36... Kg7 $142 37. Kf3 Bb4 38. Rb8 Bxe1 39. Rxb2 Rxb2 40.
Rxe1 $14) 37. Rg8+ (37. Bxb4 {Ribli} Rxf2+ 38. Kg1 (38. Kg3 Rg2+ 39. Kf3 Rgf2+
40. Ke4 Rxb4 $11) 38... Rg2+ 39. Kf1 Rgf2+ 40. Ke1 (40. Kg1 $11) 40... Rh2 {
[%csl Gb2,Rb4,Re1,Gh2][%cal Rh2h1,Rh1e1]}) 37... Kf6 (37... Kh6 38. Bxb4 Rxf2+
(38... Rxb4 39. h4 gxh4 40. Rh1 $18) 39. Kg1 (39. Kg3 {Ribli} Rg2+ 40. Kf3
Rgf2+ 41. Ke4 Rxb4 42. h4 $18 {[%csl Rh6][%cal Rh4g5] und der schwarze König
befindet sich im Mattnetz.} gxh4 (42... f5+ 43. Kd3 {[%csl Rh6]}) 43. Rh1 {
[%csl Gg8,Gh1,Rh6][%cal Rh1h4]}) 39... Rg2+ 40. Kf1 $18) 38. e4 $16 {Ribli:
Ein unerwartetes Motiv. Es droht gelegentlich mal Matt.} Rc7 $8 (38... Bxe1 39.
e5+ Ke7 40. Ra7+ $18) (38... e5 39. Ra6+ Ke7 40. Bxb4+ Rxb4 41. Ra7+ Kd6 42.
Rd8+ Ke6 43. Re8+ $18) 39. e5+ Ke7 40. Rh8 $1 {Weiß hält die Spannung, möchte
zunächst einmal auf h7 nehmen.} (40. Bxb4+ {Ribli} Rxb4 41. Rxg5 Rxd4 $16)
40... Bxe1 (40... Rcc2 $2 {Ribli} 41. Bxb4+ {[%cal Rb4e7]} Rxb4 42. Ra7+ $18)
41. Rxe1 Rcc2 42. Rf1 Rd2 43. Rxh7 Rxd4 44. Rg7 {Ribli: Schwarz kann den
Bauern g5 nicht verteidigen.} Re4 45. Rxg5 Rbe2 (45... Rb5 {Ribli}) 46. Rg8 $1
{Ribli: Es scheint, daß nach erzwungenen Bauerntäuschen die Partie Remis endet,
da gerade in Doppelturmendspielen die Remisbreite sehr groß ist. Wegen der
schwachen schwarzen Königsstellung kann Weiß allerdings ein Turmpaar tauschen.}
Rxe5 47. Ra1 $1 Rd2 48. Ra7+ Rd7 49. Rxd7+ Kxd7 {[#] Hecht 3-2 Bauern am
Königsflügel mit einer sehr günstigen Bauernverteilung für Weiß. Zudem steht
der schwarze König ungünstig.} 50. h4 $18 {Ribli: Normalerweise ist das
Turmendspiel 3 bauern gegen 2 Bauern am Königsflügel remis, aber hier hat Weiß
natürlich besonders starke g- und h-Bauern. Speziell der h-Freibauer ist stark.
Angesichts des aktiven weißen Turmes und des passiven schwarzen Königs sollte
Weiß sehr gute Gewinnchancen haben.} f5 $8 (50... Ke7 {Hecht} 51. h5 f6 52. h6
Kf7 53. h7 $18) 51. g5 {Ribli: Die beiden verbundenen Freibauern machen klar
das Rennen.} Ke7 (51... Re4 52. h5 Rh4 53. h6 Ke7 54. Kg3 Rh1 55. Rg7+ Kf8 56.
Kf4 $18) 52. h5 Kf7 (52... f4 {Ribli} 53. h6 $18 (53. Kf3 $18 {[%csl Gf3]}))
53. Rg6 (53. Ra8 {Hecht} f4 54. g6+ Kg7 55. Ra7+ Kg8 56. Rh7 Rg5+ 57. Kf3 e5
58. Ke4 $18 {[%cal Re4d5,Rd5e6,Re6f6]}) 53... Re4 (53... f4 {Ribli} 54. Kf3 $18
{[%csl Gf3,Rf4]}) 54. Rf6+ Ke7 (54... Kg8 55. f3 Rh4 56. Kg3 Rxh5 57. Kf4 $18)
(54... Kg7 {Ribli} 55. h6+ Kh7 56. Rf7+ $16) 55. f3 {Ribli: Auf diese Weise
verteidigt sich Weiß gegen 55...Rg4.} Rh4 56. h6 f4 57. Rg6 Kf7 58. Rg7+ Kf8
59. Kf1 {Ribli: Schwarz befindet sich eigentlich in Zugzwang. Nach 59...Ke8
kommt 60.h7 mit sofortigem Gewinn, ansonsten spielt Weiß Kf1-e2-d3-e4.} (59.
Kf2 {Ribli} Rh2+ 60. Ke1 {ist nur Zugumstellung.}) 59... Rh2 60. Ke1 e5 (60...
Rh3 {Ribli} 61. Ke2 Rh2+ 62. Kd3 $18 {[%csl Gd3]}) 61. Kf1 Rh5 62. Ke2 Rh3 63.
Kd2 (63. Kd2 Rxf3 64. Ra7 (64. g6 {Ribli} Rh3 (64... Rg3 {Hecht} 65. Rf7+ Ke8
66. h7 Rxg6 67. Ra7 $1 $18 {[%cal Rh7h8,Ra7a8]}) 65. Rf7+ Ke8 66. h7 e4 67. g7)
64... Rh3 65. h7 e4 66. g6 $18) (63. Kd3 $6 {Ribli} Rxf3+) 1-0